Datum a čas kvízu
23
Celkem bodů
Celkový počet nahraných bodů na tomto kvízu bez doplňovacích otázek.
9.
Pořadí na kvízu
Konečné umístění týmu na tomto kvízu.
Zaznamenané odpovědi
| # | Otázka | Odpověď | Body | Výsledky |
|---|---|---|---|---|
| 1. | I v Plzni soucítíme s těžce z... | Sirková | 0 | |
| 2. | Pouze pět států na středečním... | Severní Korea (KLDR) | 0 | |
| 3. | Kolik sošek Českého lva získal... | osm ocenění (sedm či devět za půl bodu) | 0 | |
| 4. | Jak se jmenuje muž na fotograf... | Tomáš Čupr | 0 | |
| 5. | V hokejové soutěži AHL 21letý... | je to brankář (gól vstřelil přes celé kluziště) | 0 | |
| 6. | Detektiv Sherlock Holmes z per... | D | 1 | |
| 7. | Belgický spisovatel Georges Si... | Jules Maigret [žyl megré] | 0 | |
| 8. | J. K. Rowlingová píše detektiv... | B) má amputovanou nohu | 0 | |
| 9. | Přiřaďte následující spisovate... | 1A 2D 3B 4C | 0 | |
| 10. | Seriál Devadesátky se setkal s... | C) Ivan Pauřík | 0 |